000 00442nam a2200169 i 4500
001 27714
003 ES-MaACL
005 20230906153707.0
007 t|
008 030115s1857 fr ||||1| fre d
100 1 _aAugier, Emile.
_923890
245 1 0 _aPoesies complétes /
_cde Emile Augier.
250 _aNouvelle édition.
260 _aParís :
_bMichel Levy Freres,
_c1857.
300 _a250 p. ;
_c18 cm.
852 _aES-MaACL
_jG-9901
999 _c27714
_d27714